Metaevaluacin̤ de programas sociales del programa especial concurrente para el desarrollo rural sustentable

Detalles Bibliográficos
Formato: eBook
Lenguaje:español
Publicado: Ciudad de Mx̌ico: Cm̀ara de Diputados, 2008
Materias:
Acceso en línea:Acceso restringido

MARC

LEADER 00000nam a22000007a 4500
005 20170822235525.0
007 cr|||| ||||
008 170822s2008 mx |||||s||||f00||0 spa d
020 |a 978-970-9764-14-7 
035 |a 20424 
040 |a vLex 
090 |c 6841  |d 6841 
245 0 0 |a Metaevaluacin̤ de programas sociales del programa especial concurrente para el desarrollo rural sustentable  |h [Recurso electrn̤ico] / 
256 |a Servicio en ln̕ea 
260 |a Ciudad de Mx̌ico:  |b Cm̀ara de Diputados,  |c 2008 
300 |a 1 recurso electrn̤ico 
500 |a Subtt̕ulo: Resultados generales 
506 1 |a Disponible solo en los productos indicados  |d vLex Global  |d vLex Global (Academic Edition, excluding Law Schools)  |d vLex Global (U.S. Academic Edition, Law Schools)  |d vLex Global (U.S. Academic Edition, excluding Law Schools)  |d vLex Global (Academic Edition, Law Schools) 
650 0 4 |a Derecho Mercantil y de la Empresa  |z Mx̌ico 
650 0 4 |a Derecho Pb︢lico y Administrativo  |z Mx̌ico 
740 0 |a vLex Libros (Servicio en ln̕ea) 
856 4 0 |u http://vlex.com/source/metaevaluacion-de-programas-sociales-del-programa-especial-concurrente-para-el-desarrollo-rural-sustentable-resultados-generales-20424  |z Acceso restringido 
942 |c BOOK 
999 0 |a Commercial and Company Law 
999 0 |a Public and Administrative Law